Can you guess my top girls baby names ? - Statistics

General Stats
  • This quiz has been taken 331 times
    237 since last reset
  • The average score is 8 of 30
Answer Stats
Hint Answer % Correct
E Ellalisabeth (Ella)
70%
A Amelia
65%
M Malloey
58%
L Lillith (Lilly)
57%
E Eve
56%
K Kaylin
50%
C Charlotte
46%
A Alice
38%
V Violet
37%
A Aria
33%
A Aisling (Ash)
32%
Y Yasmin
31%
M Melinda
27%
C Caroline
24%
E Esther
23%
J Juliet
22%
L Luna
17%
L Lydia
17%
H Harriette
16%
A Athame
15%
P Pheobe
14%
A Aurora
12%
E Eloise
10%
E Ebony
7%
I Ingrid
6%
E Enid
3%
L Leia
3%
S Sunray (Sunny)
3%
F Fraya
1%
T Tempest
1%
No matching quizzes found
Score Distribution
Percent of People with Each Score
Percentile by Number Answered
Your Score History
You have not taken this quiz since the last reset